| 000 | 00598nam a2200181Ia 4500 | ||
|---|---|---|---|
| 003 | IN-BaIIA | ||
| 008 | 211028s9999 xx 000 0 eng d | ||
| 040 | _cIIA Library | ||
| 080 |
_a058.7:52 _bAAS |
||
| 110 |
_aAmerican Astronomical Society _94342 |
||
| 245 | 0 |
_a1993 American astronomical society membership directory _cAmerican Astronomical Society |
|
| 260 |
_aWashington _bAmerican Astronomical Society _c1993 |
||
| 300 | _a224p | ||
| 650 |
_aAstronomers-Directory _917054 |
||
| 650 |
_aDirectory-Astronomers _917055 |
||
| 650 | _aNASA Thesaurus | ||
| 942 | _cBK | ||
| 999 |
_c10572 _d10572 |
||